01341 a2200205 45000010006000000050017000060080041000230030015000640400040000790800118001192450178002370200022004152640034004373000026004715050378004970410008008751000038008837000024009218560190009451042620260407155437.0260407a2010 arg spa dAR-UNSa-BCEJYS aAR-UNSa-BCEJYSbspacAR-UNSa-BCEJYS a343.359xDelitos contra el fisco y otras autoridades administrativas (Derecho Penal Tributario, Delitos fiscales)10aResponsabilidad tributaria, previsional y penal tributaria de los administradores de empresaspUn enfoque desde el derecho positivo, la doctrina y la jurisprudencia nacional a978-987-01-1032-3 1aBuenos Aires :bErreparc2010 axxiii, 360 p.c21 cm. a1. El marco jurídico general de la responsabilidad - 2. Responsabilidad en la ley nacional de procedimientos tributarios - 3.Responsabilidad penal tributaria - 4. Responsabilidad y responsabilida solidaria de administradores en recursos de la seguridad social - 5. Responsabilidad penal de administradores en recursos de la seguridad social - Apéndice: Fallos completos aspa1 aSimesen de Bielke, Sergio Armando1 aEgüez, Hermosinda41uhttps://biblioeco.unsa.edu.ar/pmb/images/libros/Responsabilidad tributaria, previsional y penal tributaria de los administradores de empresas2-l118705.jpgyImagen de portadaqimage/jpeg